| 000 | 01131nam0a2200325 4500 | ||
|---|---|---|---|
| 001 | RU\NLR\BIBL_A\012516696 | ||
| 005 | 20210527144348.0 | ||
| 010 |
_a978-5-91139-400-4 _9250 |
||
| 021 |
_aRU _bКН-П-20-086197 _9КН-П-20-6561 |
||
| 035 | _a(NLR Aleph) 012516696 | ||
| 035 | _a(RuMoRGB)010533680 | ||
| 090 |
_a12305160 _c12305160 |
||
| 100 | _a20210513d2019 u y0rusy50 ca | ||
| 101 | 0 | _arus | |
| 102 | _aRU | ||
| 105 | _ac z 000ay | ||
| 181 | 0 |
_ai _baxxe |
|
| 182 | 0 | _an | |
| 200 | 1 |
_aЗарина _eроман _fВероника Айларова |
|
| 203 |
_aТекст _bвизуальный _cнепосредственный |
||
| 210 |
_aВладикавказ _cИздательско-полиграфическое предприятие им. В. А. Гассиева _d2019 |
||
| 215 |
_a414, [1] с. _cпортр. _d23 |
||
| 686 | 2 | _aШ6(2=Осет)7-4 | |
| 700 | 1 |
_aАйларова _bВ. Т. _f1945- _gВероника Татариевна |
|
| 942 | _cBOOK | ||
| 980 | _aNBR | ||
| 980 | _aNB | ||